000 00406cam a2200169ua 4500
020 _c1.50
041 _amal
_h
082 _a210
_bMAL/CH
100 _aMali, .
245 _aChristucharitram /
_cMali.
_hTextual Documents
260 _aKottayam :
_bSahitya Pravarthaka Co-operative Society ,
_c1967.
300 _a102 ; .
365 _a1.50
504 _a
942 _cBK
999 _c6113
_d6113